Hrozba americkej základne
Washington má eminentný záujem zostať vojensky v Európe, aby bol blízko k Rusku. Otázky prítomnosti vojakov USA v zahraničí.
Gespeichert in:
| 1. Verfasser: | |
|---|---|
| Format: | Buchkapitel |
| Sprache: | Slowakisch |
| Schlagworte: | |
| Tags: |
Keine Tags, Fügen Sie das erste Tag hinzu!
|
MARC
| LEADER | 00000naa a2200000 4500 | ||
|---|---|---|---|
| 001 | 0254647 | ||
| 005 | 20240502074054.5 | ||
| 041 | 0 | |a slo | |
| 044 | |a SK | ||
| 245 | 1 | 0 | |a Hrozba americkej základne |c František Škvrnda |
| 520 | |a Washington má eminentný záujem zostať vojensky v Európe, aby bol blízko k Rusku. Otázky prítomnosti vojakov USA v zahraničí. | ||
| 610 | 2 | 0 | |a politika zahraničná |
| 610 | 2 | 0 | |a politika bezpečnostná |
| 610 | 2 | 0 | |a USA |
| 610 | 2 | 0 | |a Európa |
| 610 | 2 | 0 | |a NATO |
| 100 | 1 | |a Škvrnda, František | |